<?xml version="1.0" encoding="UTF-8"?>
<record
    xmlns:xsi="http://www.w3.org/2001/XMLSchema-instance"
    xsi:schemaLocation="http://www.loc.gov/MARC21/slim http://www.loc.gov/standards/marcxml/schema/MARC21slim.xsd"
    xmlns="http://www.loc.gov/MARC21/slim">

  <leader>03305nam a2200313 a 4500</leader>
  <controlfield tag="001">000038154</controlfield>
  <controlfield tag="003">DO-SdBNP</controlfield>
  <controlfield tag="005">20250721113749.0</controlfield>
  <controlfield tag="007">tard</controlfield>
  <controlfield tag="008">130319s2007    dr a          000 0 spa d</controlfield>
  <datafield tag="040" ind1=" " ind2=" ">
    <subfield code="a">DO-SdBNP</subfield>
    <subfield code="b">spa</subfield>
    <subfield code="c">BNPHU</subfield>
    <subfield code="e">rda</subfield>
  </datafield>
  <datafield tag="082" ind1=" " ind2="4">
    <subfield code="a">616.9792</subfield>
    <subfield code="b">R426c</subfield>
    <subfield code="2">22</subfield>
  </datafield>
  <datafield tag="110" ind1="2" ind2=" ">
    <subfield code="a">Consejo Presidencial del SIDA (Rep&#xFA;blica Dominicana)</subfield>
    <subfield code="9">70981</subfield>
  </datafield>
  <datafield tag="245" ind1="1" ind2="0">
    <subfield code="a">Plan estrat&#xE9;gico nacional (PEN) para la prevenci&#xF3;n y el control de las ITS, VIH y Sida 2007-2015 .</subfield>
  </datafield>
  <datafield tag="264" ind1=" " ind2="1">
    <subfield code="a">Santo Domingo :</subfield>
    <subfield code="b">COPRESIDA,</subfield>
    <subfield code="c">2007.</subfield>
  </datafield>
  <datafield tag="300" ind1=" " ind2=" ">
    <subfield code="a">4 volumenes :</subfield>
    <subfield code="b">ilustraciones, retratos;</subfield>
    <subfield code="c">24 cm.</subfield>
  </datafield>
  <datafield tag="336" ind1=" " ind2=" ">
    <subfield code="a">texto</subfield>
    <subfield code="b">txt</subfield>
    <subfield code="2">rdacontent</subfield>
  </datafield>
  <datafield tag="337" ind1=" " ind2=" ">
    <subfield code="a">sin mediaci&#xF3;n</subfield>
    <subfield code="b">n</subfield>
    <subfield code="2">rdamedia</subfield>
  </datafield>
  <datafield tag="338" ind1=" " ind2=" ">
    <subfield code="a">volumen</subfield>
    <subfield code="b">nc</subfield>
    <subfield code="2">rdacarrier</subfield>
  </datafield>
  <datafield tag="505" ind1="0" ind2=" ">
    <subfield code="a">v.1--</subfield>
    <subfield code="t">An&#xE1;lisis de situaci&#xF3;n y respuesta nacional a las ITS,el VIH y el SIDA</subfield>
    <subfield code="t">Discurso Presidente del COPRESIDA --</subfield>
    <subfield code="t">Presentaci&#xF3;n --</subfield>
    <subfield code="t">Miembros del COPRESIDA --</subfield>
    <subfield code="t">Resumen ejecutivo --</subfield>
    <subfield code="t">Introducci&#xF3;n --</subfield>
    <subfield code="t">Antecedentes --</subfield>
    <subfield code="t">Metodolog&#xED;a --</subfield>
    <subfield code="t">Limitaciones del m&#xE9;todo --</subfield>
    <subfield code="t">Contexto nacional y la respuesta a las ITS, el VIH yel SIDA --</subfield>
    <subfield code="t">Informaci&#xF3;n general --</subfield>
    <subfield code="t">Algunas consideraciones sobre la pobreza y la exclusi&#xF3;n social en RD --</subfield>
    <subfield code="t">Los actores sociales en VIH y SIDA --</subfield>
    <subfield code="t">Planificaci&#xF3;n estrat&#xE9;gica 2000-2003 --</subfield>
    <subfield code="t">Contexto internaconal --</subfield>
    <subfield code="t">Objetivos del desarrollo del milenio --</subfield>
    <subfield code="t">Declaraci&#xF3;n de compromiso contra el VIH marco estrat&#xE9;gico mundial sobre el VIH declaraci&#xF3;n pol&#xED;tica sobre el VIH y el SIDA --</subfield>
    <subfield code="t">El Fondo Mundial de lucha contra el SIDA, Tuberculosis y Malaria --</subfield>
    <subfield code="t">Plan regional de VIH Campa&#xF1;a Global de UNICEF "Unidos en la ni&#xF1;ez, unidos contra el SIDA" --</subfield>
    <subfield code="t">Algunas iniciativas relevantes --</subfield>
    <subfield code="t">Los Tratados de Libre Comercio --</subfield>
    <subfield code="t">Panorama epidemiol&#xF3;gico de las ITS, el VIH y el SIDA en R.D. --</subfield>
    <subfield code="t">La situaci&#xF3;n epidemiol&#xF3;gica en R.D. --</subfield>
    <subfield code="t">Vigilancia serol&#xF3;gica de infecci&#xF3;n VIH situaci&#xF3;n de la coinfecci&#xF3;n VIH estimaciones nacionales --</subfield>
    <subfield code="t">Marco legal para la respuesta nacional al VIH Ley de SIDA 55-93 --</subfield>
    <subfield code="t">La creaci&#xF3;n de COPRESIDA --</subfield>
    <subfield code="t">Ley general de salud 42-01 --</subfield>
    <subfield code="t">Ley de creaci&#xF3;n del sistema dominicano de Seguridad Social 87-01 --</subfield>
    <subfield code="t">An&#xE1;lisis de la respuesta al VIH L SIDA --</subfield>
    <subfield code="t">Las pol&#xED;ticas nacionales, planificaci&#xF3;n y movilizaci&#xF3;n social --</subfield>
    <subfield code="t">Conclusiones --</subfield>
    <subfield code="t">Servicios para la atenci&#xF3;n integral de las ITS sistemas de informaci&#xF3;n, vigilancia epidemiol&#xF3;gica, M&amp;E --</subfield>
    <subfield code="t">El financiamiento en VIH percepci&#xF3;n del Estado de situaci&#xF3;n y respuestaante la epidemia de VIH y SIDA --</subfield>
    <subfield code="t">Bibliograf&#xED;a --</subfield>
    <subfield code="t">Glosario--</subfield>
    <subfield code="t">Anexos--</subfield>
    <subfield code="t">Citas de referencia --</subfield>
  </datafield>
  <datafield tag="505" ind1="0" ind2=" ">
    <subfield code="g">v. 2 :</subfield>
    <subfield code="t">Marco estrat&#xE9;gico nacional multisectorial--</subfield>
    <subfield code="t">Discurso Presidente del COPRESIDA--</subfield>
    <subfield code="t">Presentaci&#xF3;n Director ejecutivo --</subfield>
    <subfield code="t">Miembro del COPRESIDA --</subfield>
    <subfield code="t">Introducci&#xF3;n --</subfield>
    <subfield code="t">Resumen ejecutivo del an&#xE1;lisis de sistuaci&#xF3;n y respuesta --</subfield>
    <subfield code="t">Marco conceptual y metodol&#xF3;gico --</subfield>
    <subfield code="t">Temas estrat&#xE9;gicos identificados --</subfield>
    <subfield code="t">Marco estrat&#xE9;gico --</subfield>
    <subfield code="g">v. 3 :</subfield>
    <subfield code="t">Marco conceptual de monitoreo y evaluaci&#xF3;n</subfield>
    <subfield code="g">v. 4 :</subfield>
    <subfield code="t">Plan operativo bienal 2007-2008</subfield>
  </datafield>
  <datafield tag="590" ind1=" " ind2=" ">
    <subfield code="a">Inventariado, 2018/DG</subfield>
  </datafield>
  <datafield tag="650" ind1=" " ind2="0">
    <subfield code="a">SIDA (Enfermedad)</subfield>
    <subfield code="x">Prevenci&#xF3;n y control</subfield>
    <subfield code="9">52709</subfield>
  </datafield>
  <datafield tag="650" ind1=" " ind2="4">
    <subfield code="a">Enfermedades de prevenci&#xF3;n sexual</subfield>
    <subfield code="x">Prevenci&#xF3;n y control</subfield>
    <subfield code="9">64517</subfield>
  </datafield>
  <datafield tag="650" ind1=" " ind2="4">
    <subfield code="a">Infecciones por VIH</subfield>
    <subfield code="9">6990</subfield>
  </datafield>
  <datafield tag="650" ind1=" " ind2="0">
    <subfield code="a">Pol&#xED;tica sanitaria</subfield>
    <subfield code="z">Rep&#xFA;blica Dominicana</subfield>
    <subfield code="y">2007-2015</subfield>
    <subfield code="9">1344</subfield>
  </datafield>
  <datafield tag="910" ind1=" " ind2=" ">
    <subfield code="a">Validado. Control de calidad MFF</subfield>
  </datafield>
  <datafield tag="942" ind1=" " ind2=" ">
    <subfield code="2">ddc</subfield>
    <subfield code="c">LBS1</subfield>
  </datafield>
  <datafield tag="952" ind1=" " ind2=" ">
    <subfield code="0">0</subfield>
    <subfield code="1">0</subfield>
    <subfield code="7">1</subfield>
    <subfield code="8">PD</subfield>
    <subfield code="a">PD</subfield>
    <subfield code="b">PD</subfield>
    <subfield code="c">HD</subfield>
    <subfield code="d">2013-03-19</subfield>
    <subfield code="i">LF1</subfield>
    <subfield code="l">0</subfield>
    <subfield code="o">v.1</subfield>
    <subfield code="p">38154-10</subfield>
    <subfield code="r">2020-06-25</subfield>
    <subfield code="w">2020-06-25</subfield>
    <subfield code="y">LFPD</subfield>
    <subfield code="Z">No se presta</subfield>
  </datafield>
  <datafield tag="952" ind1=" " ind2=" ">
    <subfield code="0">0</subfield>
    <subfield code="1">0</subfield>
    <subfield code="7">1</subfield>
    <subfield code="8">PD</subfield>
    <subfield code="a">PD</subfield>
    <subfield code="b">PD</subfield>
    <subfield code="c">HD</subfield>
    <subfield code="d">2013-03-19</subfield>
    <subfield code="i">LF1</subfield>
    <subfield code="l">0</subfield>
    <subfield code="o">v.2</subfield>
    <subfield code="p">38154-20</subfield>
    <subfield code="r">2020-06-25</subfield>
    <subfield code="w">2020-06-25</subfield>
    <subfield code="y">LFPD</subfield>
    <subfield code="Z">No se presta</subfield>
  </datafield>
  <datafield tag="952" ind1=" " ind2=" ">
    <subfield code="0">0</subfield>
    <subfield code="1">0</subfield>
    <subfield code="7">1</subfield>
    <subfield code="8">PD</subfield>
    <subfield code="a">PD</subfield>
    <subfield code="b">PD</subfield>
    <subfield code="c">HD</subfield>
    <subfield code="d">2013-03-19</subfield>
    <subfield code="i">LF1</subfield>
    <subfield code="l">0</subfield>
    <subfield code="o">v. 3</subfield>
    <subfield code="p">38154-30</subfield>
    <subfield code="r">2020-06-25</subfield>
    <subfield code="w">2020-06-25</subfield>
    <subfield code="y">LFPD</subfield>
    <subfield code="Z">No se presta</subfield>
  </datafield>
  <datafield tag="952" ind1=" " ind2=" ">
    <subfield code="0">0</subfield>
    <subfield code="1">0</subfield>
    <subfield code="7">1</subfield>
    <subfield code="8">PD</subfield>
    <subfield code="a">PD</subfield>
    <subfield code="b">PD</subfield>
    <subfield code="c">HD</subfield>
    <subfield code="d">2013-03-19</subfield>
    <subfield code="i">LF1</subfield>
    <subfield code="l">0</subfield>
    <subfield code="o">v. 4</subfield>
    <subfield code="p">38154-40</subfield>
    <subfield code="r">2020-06-25</subfield>
    <subfield code="w">2020-06-25</subfield>
    <subfield code="y">LFPD</subfield>
    <subfield code="Z">No se presta</subfield>
  </datafield>
  <datafield tag="999" ind1=" " ind2=" ">
    <subfield code="c">37644</subfield>
    <subfield code="d">37644</subfield>
  </datafield>
</record>
